000 01042 a2200217 4500
001 31983
005 20260407155621.0
008 260407a1971 arg spa d
003 AR-UNSa-BCEJYS
040 _aAR-UNSa-BCEJYS
_bspa
_cAR-UNSa-BCEJYS
080 _a658.012.4
_xGestión. Dirección. Autoridad. Técnicas y métodos de gestión (gestión del conocimiento, Outsourcing, Benchmarking...)
245 1 0 _aManual para supervisores
264 1 _aMéxico :
_bDiana
_c1971
300 _a212 p.
_c21 cm.
505 _a1. Introducción - 2. El supervisor y la compañia - 3. El supervisor y el sindicato - 4. Motivación y moral - 5. Cómo diferimos unos de otros - 6. Cuándo aprendemos - 7. Entrenamiento de instrucción para el trabajo - 8. Cómo juzgar el rendimiento - 9. Cómo comunicarse más efectivamente - 10. Cómo trabajar eficazmente con otros - 11. Organización de empresas.
942 _cBK
590 _aniveau_biblio:m niveau_hierar:0
100 1 _aEcker, H. Paul
700 1 _aOuellette, Vernon
700 1 _aMacrae, John
999 _c2228
_d2228